| 000 | 00652nam a22001577a 4500 | ||
|---|---|---|---|
| 003 | OSt | ||
| 005 | 20151019162449.0 | ||
| 008 | 151019b xxu||||| |||| 00| 0 eng d | ||
| 040 | _cRUA | ||
| 082 | _aAVM TOU 2009 B087 Or.1 | ||
| 100 |
_92478 _aTOUCH, SOMDALAIN. |
||
| 245 | _aPresent situation of dog health and prevalence of dirofilaria immitis on dogs at agrovet clinic, ស្ថានភាពទូទៅ និងកំរិតរាលដាលនៃព្រូនបេះដូង(DIROFILARIA IMMITIS) លើសុនខនៅគ្លីនិក | ||
| 260 |
_aPhnom Penh _bRUA _c2009 |
||
| 300 |
_aviii; 35p. _bill. _c29cm. |
||
| 942 |
_2ddc _cAVM |
||
| 999 |
_c2333 _d2333 |
||